| 000 | 00372nam a22001457a 4500 | ||
|---|---|---|---|
| 003 | OSt | ||
| 008 | 221007b |||||||| |||| 00| 0 eng d | ||
| 020 | _a9789381450451 | ||
| 041 | _aeng | ||
| 082 |
_a631.56 _bDEV/PO |
||
| 100 |
_aDev Raj _95275 |
||
| 245 | _aPost harvest technology and engineering | ||
| 260 |
_aNew Delhi _bNew India Publishing Agency _c2012 |
||
| 942 | _cBK | ||
| 999 |
_c14025 _d14025 |
||